[Event "16th Deltalift Open 2019"]
[Site "Halmstad"]
[Date "2019.05.31"]
[Round "5.15"]
[White "Ziegler, Nathalie"]
[Black "Wahlstrom, Lennart"]
[Result "1-0"]
[WhiteElo "1789"]
[BlackElo "2196"]
[Annotator "TA"]
[PlyCount "123"]
[EventDate "2019.05.30"]
[EventType "swiss"]
[EventCountry "SWE"]
[SourceTitle "playchess.com"]
[Source "ChessBase"]
[SourceQuality "1"]

{[%evp 25,123,12,17,20,38,17,117,111,119,48,64,0,134,104,137,139,135,135,155,133,163,166,175,170,186,191,209,209,274,270,267,262,289,289,289,289,289,289,374,367,364,292,348,356,348,330,314,309,428,412,424,418,410,410,383,331,374,394,448,424,440,437,521,522,512,477,432,373,430,326,830,816,789,789,737,703,853,892,976,962,861,784,2417,1721,29974,29974,29976,29977,29975,29975,29977,29978,29979,29979,29980,29981,29980,29981,6203,6091]} 1. d4 d5 2. c4 e6 3. Nf3 c5 4. cxd5 exd5 5. g3 Nc6 6. Bg2 Nf6 7. O-O Be7 8. dxc5 Bxc5 9. Bg5 O-O 10. Nc3 d4 11. Bxf6 Qxf6 12. Nd5 Qd8 13. Nd2 Be6 14. Nf4 {D34: Tarrasch Defence: 6 g3 Nf6 7 Bg2 Be7} Re8 (14... Bf5 15. Rc1 Bb6 16. Nc4 Re8 17. a3 Be4 18. Bxe4 Rxe4 19. Qd3 Re8 20. Qf3 Rc8 21. Nd3 Qe7 {1-0 (54) Milov,V (2645)-Christiansen,L (2524) Phoenix 2005}) 15. Rc1 Bd6 $146 (15... Bb6 $11) ({Predecessor:} 15... Qb6 16. Nc4 Bxc4 17. Rxc4 Bd6 18. Nd3 Ne5 19. Nxe5 Bxe5 20. Qc2 Rad8 21. Rd1 g6 {½-½ (53) Andersson,U (2542)-Fiebig,T (2389) Germany 2012}) 16. Nxe6 $16 {White is better.} ({Much less strong is} 16. Bxc6 $6 bxc6 17. Nxe6 (17. Rxc6 $2 Bxf4 18. gxf4 Qd5 $19) 17... Rxe6 $14) 16... Rxe6 17. Bxc6 (17. Nb3 $16) 17... bxc6 $14 18. Rxc6 (18. Nb3 $14) 18... Qd7 (18... Bxg3 $1 $11 {keeps the balance.} 19. Rxe6 Bxh2+ 20. Kxh2 Qh4+ 21. Kg2 Qg5+ 22. Kh3 Qh5+ 23. Kg3 Qg5+ 24. Kh3 Qh5+ 25. Kg3 Qg5+ 26. Kh3) 19. Rc2 Be7 20. Nf3 Bf6 21. Qd3 Qd5 22. a3 Rd8 23. Rfc1 Rde8 24. Rc8 g6 25. R1c5 Qa2 26. Nxd4 Bxd4 27. Rxe8+ ({Don't play} 27. Qxd4 $6 Rxe2 28. Rd8 Qb1+ 29. Kg2 Qe4+ 30. Qxe4 R2xe4 $16) 27... Rxe8 28. Qxd4 $18 {[%mdl 4096] Endgame KQR-KQR} Qe6 29. e3 Qb6 30. b4 Rd8 31. Rd5 Rc8 32. Qxb6 axb6 {KR-KR} 33. Kf1 Rc3 34. a4 Ra3 35. Rb5 Rxa4 36. Rxb6 Ra2 37. Kg2 Rb2 38. Kf3 Kf8 39. h4 Ke7 40. e4 Kd7 41. b5 h5 42. Rb7+ Ke6 43. b6 Ke5 44. Rxf7 Rb3+ 45. Kg2 Rxb6 46. Re7+ Kf6 47. Ra7 Rb2 $2 {[#]} (47... Ke5 48. Ra4 Rc6 49. f4+ Kf6) 48. Ra6+ Kf7 49. Kf3 Kg7 50. Ke3 Kf7 51. f3 Rb3+ 52. Kf4 Rc3 53. e5 Rb3 54. Kg5 Rb5 55. f4 Rb3 56. Rf6+ Ke7 57. Rxg6 Rxg3+ 58. Kxh5 Rf3 59. Kg4 Rf1 60. Kf5 Rh1 61. Rh6 Kf7 62. e6+ {Accuracy: White = 90%, Black = 20%.} 1-0

[Event "16th Deltalift Open 2019"]
[Site "Halmstad"]
[Date "2019.05.31"]
[Round "5.16"]
[White "Silseth, Simon"]
[Black "Stray, Gunnar"]
[Result "1-0"]
[WhiteElo "2268"]
[BlackElo "2005"]
[Annotator "RC"]
[PlyCount "59"]
[EventDate "2019.05.30"]
[EventType "swiss"]
[EventCountry "SWE"]
[SourceTitle "playchess.com"]
[Source "ChessBase"]
[SourceQuality "1"]
[TimeControl "40/5400+30:1800+30"]

1. e4 {[%emt 0:00:00]} c5 {[%emt 0:00:00]} 2. Nc3 {[%emt 0:00:00]} Nc6 {[%emt 0:00:00]} 3. g3 {[%emt 0:00:03]} g6 {[%emt 0:00:00]} 4. Bg2 {[%emt 0:00:08]} Bg7 {[%emt 0:00:00]} 5. d3 {[%emt 0:00:14]} d6 {[%emt 0:00:00]} 6. Be3 {[%emt 0:01:24]} Bd7 {[%emt 0:00:45]} 7. Nge2 {[%emt 0:01:24]} Rb8 {[%emt 0:01:03]} 8. d4 {[%emt 0:05:14]} cxd4 {[%emt 0:01:29]} 9. Nxd4 {[%emt 0:00:13]} h5 {[%emt 0:02:28]} 10. Nxc6 {[%emt 0:12:03]} bxc6 {[%emt 0:00:27]} 11. Bxa7 {[%emt 0:04:45]} Rxb2 {[%emt 0:01:43]} 12. Bd4 {[%emt 0:00:43]} e5 {[%emt 0:01:09]} 13. Be3 {[%emt 0:01:32]} Be6 {[%emt 0:04:35]} 14. Qd3 {[%emt 0:12:40]} Bf8 {[%emt 0:00:00]} 15. O-O {[%emt 0:04:55]} Nh6 {[%emt 0:20:30]} 16. h3 {[%emt 0:04:23]} Qc8 {[%emt 0:08:26]} 17. Rfb1 {[%emt 0:11:42]} Rxb1+ {[%emt 0:06:40]} 18. Rxb1 {[%emt 0:00:08]} Be7 {[%emt 0:00:15]} 19. Qd2 {[%emt 0:14:25]} Bf8 {[%emt 0:04:41]} 20. Ba7 {[%emt 0:05:52]} Qa6 {[%emt 0:03:57]} 21. Rb8+ {[%emt 0:00:55]} Bc8 {[%emt 0:01:52]} 22. Be3 {[%emt 0:06:08]} Kd7 {[%emt 0:02:12]} 23. a4 {[%emt 0:00:45]} f6 {[%emt 0:01:38]} 24. Bf1 {[%emt 0:03:36]} Qa5 {[%emt 0:00:47]} 25. Bb6 {[%emt 0:00:19]} Qb4 {[%emt 0:00:20]} 26. a5 {[%emt 0:00:32]} Qa3 {[%emt 0:01:22]} 27. Nb5 {[%emt 0:01:34]} Qa1 {[%emt 0:01:12]} 28. Rxc8 {[%emt 0:01:32]} Kxc8 {[%emt 0:01:33]} 29. Nxd6+ {[%emt 0:00:08]} Kb8 {[%emt 0:01:38]} 30. Ne8 {[%emt 0:01:11]} 1-0

[Event "16th Deltalift Open 2019"]
[Site "Halmstad"]
[Date "2019.05.31"]
[Round "5.17"]
[White "Carlstrom, Niklas"]
[Black "Nyander, Joakim"]
[Result "1-0"]
[WhiteElo "2065"]
[BlackElo "2235"]
[Annotator "TA"]
[PlyCount "53"]
[EventDate "2019.05.30"]
[EventType "swiss"]
[EventCountry "SWE"]
[SourceTitle "playchess.com"]
[Source "ChessBase"]
[SourceQuality "1"]

{[%evp 9,53,41,54,54,55,50,49,39,70,71,77,69,74,74,106,98,95,77,91,72,108,102,127,137,191,167,293,152,290,233,235,198,189,189,610,606,594,543,1264,1237,29987,29988,29996,2136,29997,29998]} 1. e4 c5 2. Nc3 e6 3. g3 a6 4. Bg2 b5 (4... Nc6 5. Nge2 d6 6. d4 cxd4 7. Nxd4 Bd7 8. O-O Be7 9. Nxc6 Bxc6 10. Qg4 h5 11. Qe2 h4 12. a4 hxg3 13. hxg3 Qa5 14. Bf4 Qh5 15. Qxh5 Rxh5 16. Bf3 {0-1 (36) Al Modiahki,M (2542)-Quparadze,G (2506) Riadh 2017}) 5. e5 Nc6 6. Bxc6 {B23: Closed Sicilian: Lines without g3} dxc6 7. d3 Ne7 8. Nf3 {White is slightly better.} Nd5 $146 ({Predecessor:} 8... Bb7 9. Ne4 Ng6 10. h4 Qc7 11. Kf1 c4 12. h5 Nxe5 {1-0 (30) Usbeck,K (2226)-Velasco,S (2166) ICCF email 2015}) 9. Ne4 Be7 10. O-O O-O 11. Qe2 Qc7 12. c4 Nb6 13. Bf4 Nd7 14. h4 Qd8 15. Rad1 Re8 16. Rfe1 Nf8 (16... Rf8 $16 {was worth a try.} 17. Bg5 Rb8) 17. Qe3 Qa5 (17... Ng6 {was necessary.} 18. Bg5 (18. Nxc5 Nxf4 19. gxf4 Qb6 $16) 18... f6) 18. Ra1 (18. Nxc5 bxc4 19. Ne4 cxd3 $16) (18. h5 $18) 18... b4 (18... Qd8 $16 {keeps fighting.} 19. Rad1 (19. Nxc5 Bxc5 20. Qxc5 Qxd3 $14) 19... Nd7) 19. Bg5 Nd7 20. Bxe7 Rxe7 21. Qg5 Kf8 $2 {[#]} (21... Qd8 22. Qe3 h6 23. Nxc5 a5) 22. Nf6 $1 $18 {[%mdl 512]} gxf6 23. exf6 Nxf6 24. Qxf6 {[%cal Rf6h8]} Re8 {[#]} 25. Ng5 $1 {[%csl Gg5][%cal Rf6f7][%mdl 512]} Ra7 26. Nxh7+ Kg8 {[#]} 27. Re5 $1 {Accuracy: White = 81%, Black = 28%.} 1-0

[Event "16th Deltalift Open 2019"]
[Site "Halmstad"]
[Date "2019.05.31"]
[Round "5.18"]
[White "Berglind, Axel"]
[Black "Carlsson, Ludvig"]
[Result "1/2-1/2"]
[WhiteElo "2072"]
[BlackElo "2208"]
[Annotator "TA"]
[PlyCount "85"]
[EventDate "2019.05.30"]
[EventType "swiss"]
[EventCountry "SWE"]
[SourceTitle "playchess.com"]
[Source "ChessBase"]
[SourceQuality "1"]

{[%evp 24,85,30,14,11,23,27,15,21,15,40,17,4,8,8,4,1,16,19,0,15,16,22,0,0,0,-4,-9,0,0,0,0,0,0,0,0,0,0,8,10,16,17,28,14,77,75,77,0,0,0,0,0,0,0,0,0,0,0,0,0,0,0,0,0]} 1. d4 d5 2. Nf3 Nf6 3. g3 e6 4. Bg2 Be7 5. O-O O-O 6. c4 dxc4 7. Ne5 Nc6 8. Bxc6 bxc6 9. Nxc6 Qe8 10. Nxe7+ Qxe7 11. Qa4 e5 12. dxe5 Qxe5 13. Qxc4 Be6 {E05: Open Catalan: 5 Nf3 Be7} 14. Qd3 (14. Qc2 Bf5 15. Qd2 Bh3 16. Re1 Rad8 17. Qc3 Qd5 18. f3 Rfe8 19. Na3 Qb7 20. Nc2 Qa6 21. Be3 {1-0 (39) Meier,G (2628)-Dominguez Perez,L (2739) chess.com INT 2018}) 14... Rad8 15. Qe3 Qh5 16. f3 Rfe8 {[#] Strongly threatening ...Bh3.} 17. Qf2 (17. Qg5 {seems wilder.} Bc4 18. Qxh5 Nxh5 19. Re1 Bxe2 20. Kf2) 17... Bc4 18. Nc3 Nd5 {Threatens to win with ...Nxc3.} 19. Re1 {Threatening Nxd5.} Nxc3 20. bxc3 Qa5 21. Bf4 h6 22. e4 Rd3 {[#]} 23. Be3 $146 ({Predecessor:} 23. Kg2 Rb8 24. Rad1 {½-½ (24) Szczepanski,Z (2593)-Velilla Velasco,F (2566) ICCF email 2010}) 23... Red8 24. Rac1 a6 25. Rc2 Qa4 26. g4 Rd1 27. Rxd1 Rxd1+ 28. Kg2 Ra1 29. Qd2 Kh7 30. Bd4 f6 31. e5 fxe5 32. Bxe5 Qb5 33. Qf4 {And now Qf5+ would win.} Bf1+ (33... Qb1 $6 34. Qe4+ Kh8 35. Kg3 $16 (35. Qxc4 Qxc2+ 36. Kh3 Qg6 $17)) (33... Rxa2 $11 {keeps the balance.} 34. Qf5+ Kg8 35. Rxa2 Bxa2) 34. Kg3 $16 {[#] Black must now prevent Qf5+.} Bd3 35. c4 ({Better is} 35. Rg2 $16 {aiming for c4.} Qb1 36. Qe3 (36. Bxc7 Qe1+ 37. Kh3 Bf1 $11)) 35... Rg1+ $11 {The position is equal.} 36. Rg2 $1 ({But not} 36. Kh3 $2 Bf1+ 37. Rg2 (37. Kh4 {leads to mate.} g5+ 38. Qxg5 hxg5+ 39. Kh5 Qb6 40. Bd6 Qxd6 41. Kxg5 Bd3 42. Kh5 Qh6#) 37... Qd7 $19) 36... Qb1 {( -> ...Rxg2+)} 37. Qf7 {[%csl Ge5][%cal Rf7g7]} Rxg2+ 38. Kxg2 {[%csl Ge5][%cal Rf7g7]} Qf1+ 39. Kg3 {[%csl Ge5][%cal Rf7g7]} Qe1+ 40. Kf4 {[%csl Ge5][%cal Rf7g7]} Qc1+ 41. Kg3 {[%csl Ge5][%cal Rf7g7]} Qe1+ 42. Kf4 {[%csl Ge5][%cal Rf7g7]} Qc1+ 43. Kg3 {Accuracy: White = 52%, Black = 69%.} 1/2-1/2

[Event "16th Deltalift Open 2019"]
[Site "Halmstad"]
[Date "2019.05.31"]
[Round "5.19"]
[White "Svensson, Leif"]
[Black "Holst, Conny"]
[Result "0-1"]
[WhiteElo "2016"]
[BlackElo "2197"]
[Annotator "TA"]
[PlyCount "65"]
[EventDate "2019.05.30"]
[EventType "swiss"]
[EventCountry "SWE"]
[SourceTitle "playchess.com"]
[Source "ChessBase"]
[SourceQuality "1"]

{[%evp 12,65,0,2,3,-12,-4,-12,-10,-50,-41,-58,-45,-56,-54,-87,-83,-80,-52,-61,-55,-118,-37,-73,-71,-95,-77,-102,-62,-54,-14,-45,-49,-63,-3,-69,-57,-60,-61,-60,-61,-92,-84,-191,-197,-180,-181,-198,-20,-21,-18,-26,0,-593,-600,-600]} 1. d4 Nf6 2. Nc3 d5 3. Bg5 Nbd7 4. e3 g6 5. Nf3 Bg7 6. Be2 O-O 7. O-O b6 {D01: Veresov Opening} (7... c6 8. h3 Re8 9. Bf4 Ne4 10. Nxe4 dxe4 11. Nd2 e5 12. dxe5 Bxe5 13. Nc4 Bxf4 14. exf4 Qf6 15. Qd6 Re6 {1-0 (47) Hasangatin,R (2496)-Samusenko,M (2428) Kazan 2017}) 8. h3 Bb7 9. Bf4 a6 {The position is equal.} 10. Nd2 $146 ({Predecessor:} 10. Ne5 c5 11. Rb1 e6 12. Bf3 Qe7 13. Ne2 Rfc8 {1-0 (58) Milcova,Z (2015)-Sulgan,B (1766) Zilina 2012}) 10... Re8 11. Bf3 e5 12. dxe5 Nxe5 13. Be2 c5 14. Nf3 Nxf3+ 15. Bxf3 h6 16. g4 (16. a4 $15) 16... g5 (16... Qd7 $17 17. Rb1 Rad8) 17. Bg3 b5 18. a3 Rc8 19. Qd2 Ne4 20. Bxe4 $1 {aiming for Bg2.} dxe4 (20... Bxc3 {looks sharper.} 21. Bh7+ Kxh7 22. bxc3 Qe7 23. a4 Bc6) 21. Qxd8 (21. Rfd1 {keeps more tension.} Qxd2 22. Rxd2 Red8 23. Rd6 Rxd6 24. Bxd6 Bf6 25. Rb1) 21... Rexd8 22. Rfd1 b4 (22... Kh7 $15) 23. axb4 ({White should play} 23. Na4 $1 $11) 23... cxb4 24. Rxd8+ Rxd8 25. Na4 $1 Bc6 26. c3 {[#]} a5 $1 {[%cal Ba6a5,Ba5b4][%mdl 32]} 27. cxb4 (27. Nb6 $17) 27... axb4 $19 {Strongly threatening ...Ra8.} 28. Nc5 Bxb2 29. Rb1 Bc3 $2 (29... Rd2 $19 {White must now prevent ...Rc2.} 30. Bd6 Rc2) 30. Na6 $11 Bb5 31. Nxb4 Bxb4 32. Be5 $2 {[%mdl 8192] [#]} (32. Rxb4 $11 {and White is okay.} Rd5 33. Kh2) 32... Rd5 $1 $19 33. Rxb4 {Accuracy: White = 26%, Black = 43%.} 0-1

[Event "16th Deltalift Open 2019"]
[Site "Halmstad"]
[Date "2019.05.31"]
[Round "5.20"]
[White "Muntean, Victor"]
[Black "Brzezinski, Adam"]
[Result "1/2-1/2"]
[WhiteElo "1929"]
[BlackElo "2193"]
[Annotator "TA"]
[PlyCount "81"]
[EventDate "2019.05.30"]
[EventType "swiss"]
[EventCountry "SWE"]
[SourceTitle "playchess.com"]
[Source "ChessBase"]
[SourceQuality "1"]

{[%evp 12,81,0,0,66,71,77,42,42,50,64,22,27,33,212,203,241,119,111,125,127,131,181,194,189,187,189,167,152,98,107,101,157,145,152,81,99,91,70,74,109,41,67,0,22,27,73,75,73,-20,0,-147,-1,-97,0,0,0,0,0,0,0,-12,0,0,0,0,0,0,0,0,0,0]} 1. e4 e6 2. d4 d5 3. e5 c5 4. c3 Qb6 5. Nf3 Nc6 6. Bd3 cxd4 7. cxd4 Nh6 {C02: French: Advance Variation} (7... Nxd4 $2 8. Nxd4 Bc5 9. Nb5 $18) ({Black should play} 7... Bd7 $1 $11) (7... Bd7 8. Nc3 Nxd4 9. Nxd4 Qxd4 10. O-O a6 11. Qe2 Rc8 12. Kh1 Bc5 13. Bg5 h6 14. Bd2 Ne7 15. Rac1 O-O 16. a3 Qh4 17. f4 f5 18. Nd1 Be8 19. Be1 Qh5 20. Qd2 {0-1 (59) Sulskis,S (2525)-Giri,A (2780) Batumi 2018}) 8. Nc3 $14 Bd7 9. O-O Nxd4 {White is slightly better.} 10. Nxd4 Qxd4 11. Nb5 (11. Be3 $5 {[%cal Re3d4]} Qxe5 12. Re1 $14) 11... Qb6 $1 12. Be3 $36 {[%mdl 2048] White fights for an advantage.} Qd8 $146 ({Black should try} 12... Qa5 $1 $14 13. Qe1 Qxe1 14. Rfxe1 (14. Raxe1 Bxb5 15. Bxb5+ Kd8 $11) 14... Bxb5 15. Bxb5+ Kd8) ({Predecessor:} 12... Qa5 13. Qb3 Nf5 14. Rfc1 {0-1 (29) Blagojevic,T (2048)-Petritaj,F (2239) Durres 2013}) 13. Rc1 $18 {Strongly threatening Nc7+.} Rc8 14. Nxa7 ({Not} 14. Bxa7 Be7 $16) (14. Rxc8 $18 {Nc7+ would kill now.} Qxc8 15. Qd2 (15. Nxa7 Qc7 $16) (15. Bxa7 Be7 $14)) 14... Rxc1 $16 15. Qxc1 Be7 16. Nb5 Ng4 17. Nc7+ $1 Kf8 18. Bb6 {aiming for Nxe6+!} Qb8 19. Qf4 h5 20. Bg6 (20. h3 $142 Nh6 21. Rc1) 20... Nh6 21. Bxh5 Nf5 (21... Kg8 $142) 22. Bg4 $1 g6 23. Bxf5 (23. b4 $142) 23... gxf5 24. Rc1 Rh4 25. Qd2 Kg8 26. Rc3 (26. g3 $16 Rh8 27. a3) 26... Kh7 27. Rg3 (27. f4 $14) 27... Qf8 (27... Qh8 $5 {[%cal Rh8e5]}) 28. a3 Qh6 29. Qxh6+ $1 Kxh6 30. Rb3 (30. f4 $1 $16) 30... Rc4 {[%cal Rc4c1]} 31. g3 (31. Kf1 $11 {keeps the balance.}) 31... Ba4 (31... Rc1+ $1 $17 32. Kg2 d4 $1 {[%mdl 512]}) 32. Rd3 {[#]} (32. Rc3 $1 $11) 32... Bc2 (32... Rc1+ $1 $17 33. Kg2 Kg6) 33. Rc3 $1 $11 {The position is equal.} Rxc3 34. bxc3 {[%mdl 4096] Endgame KBB-KBN} Ba4 35. Bd4 Bxa3 36. Na8 Kg5 37. f4+ Kg6 38. Nb6 Bb5 39. Kf2 Kg7 40. Ke1 Kg6 41. Kf2 {Accuracy: White = 48%, Black = 38%.} 1/2-1/2

[Event "16th Deltalift Open 2019"]
[Site "Halmstad"]
[Date "2019.05.31"]
[Round "5.21"]
[White "Frisk, Hans"]
[Black "Lindhe, Magnus"]
[Result "1/2-1/2"]
[WhiteElo "1866"]
[BlackElo "2173"]
[Annotator "TA"]
[PlyCount "133"]
[EventDate "2019.05.30"]
[EventType "swiss"]
[EventCountry "SWE"]
[SourceTitle "playchess.com"]
[Source "ChessBase"]
[SourceQuality "1"]

{[%evp 9,133,31,70,-38,4,-89,-60,-126,-135,-127,-79,-131,-108,-113,-99,-121,-48,-77,-19,-15,-29,-32,-27,-12,-35,-97,-95,-137,-132,-135,-124,-120,-129,-123,-97,-111,-62,-116,-58,-58,-75,-64,-57,-86,-52,-69,-31,-57,-6,-72,0,-81,-81,-81,-82,-139,-35,-38,-35,-139,-139,-139,-139,-139,-137,-175,-175,-160,-118,-135,-98,-108,-113,-112,-95,-105,-105,-105,-105,-111,-105,-116,-112,-119,-41,-253,-54,-115,-69,-46,0,-13,0,-2,0,-8,-8,-8,-8,-8,-8,-8,-8,-8,-8,-9,0,0,0,0,0,0,0,0,0,0,0,0,0,0,0,0,0,0,0,0]} 1. Nf3 c5 2. e3 e6 3. d4 b6 4. c4 Nf6 5. Nc3 Bb7 6. g3 {E14: Queen's Indian: Classical Variation (4 e3)} (6. d5 $14) (6. Be2 d6 7. O-O g6 8. b3 Bg7 9. Bb2 O-O 10. Rc1 a6 11. Qc2 Qc7 12. Rfd1 Nbd7 13. h3 Rfe8 14. a3 Rac8 15. Qb1 Qb8 16. Qa1 cxd4 17. Nxd4 Nc5 {1-0 (46) Koneru,H (2607)-Hou,Y (2629) Beijing 2013}) 6... d5 7. b3 $146 (7. cxd5 $11 exd5 8. Ne5) ({Predecessor:} 7. cxd5 Nxd5 8. Bg2 Nd7 9. O-O Be7 10. Nd2 cxd4 11. exd4 Nxc3 12. bxc3 Bxg2 13. Kxg2 O-O {0-1 (42) Kahleys,K (1955)-Lubbe,N (2245) playchess.com INT 2008}) 7... dxc4 8. bxc4 (8. Bxc4 $15 cxd4 9. exd4) 8... cxd4 $17 9. exd4 Bb4 10. Bd2 (10. Bb2 $142) 10... O-O 11. Bg2 Nc6 12. O-O Na5 ({Better is} 12... Nxd4 $17 13. Nd5 Nxf3+ 14. Bxf3 Bxd2 15. Nxf6+ Qxf6 16. Bxb7 Rad8) 13. Qa4 $15 {[#]} Be7 (13... Bxf3 $1 $17 14. Bxf3 Nxc4) 14. Ne2 $11 Bc6 15. Qc2 Be4 16. Qa4 $1 Bd3 $36 {[%mdl 2048] Black is more active.} 17. Bxa5 (17. Rfe1 $15) 17... Bxe2 $17 ({Much worse is} 17... bxa5 $6 18. Rfe1 $14) 18. Rfe1 {Strongly threatening Ne5.} Bxf3 $1 19. Bxf3 bxa5 20. Bxa8 Qxa8 21. Qxa5 Rd8 22. Rad1 Qf3 23. Qd2 (23. Qxa7 $15 Bf8 24. Qb6) 23... Ne4 (23... Qc6 $17 24. Qc3 h6) 24. Qe3 $15 Qxe3 $1 25. Rxe3 Nd6 26. Ra3 Nc8 27. Rad3 g6 28. Kg2 h5 (28... Kf8 $15) 29. h4 (29. c5 $11) 29... Nd6 (29... Nb6 $17 30. Rc1 Bf6) 30. Ra3 (30. d5 $1 $11 {keeps the balance.}) 30... Nxc4 $17 31. Rxa7 Bf6 32. Rc7 (32. a4 $142) 32... Nb2 (32... Nb6 $17 {aiming for ...Ra8.} 33. Rc6 Nd5) 33. Rd2 $15 Na4 34. Rc4 (34. Rdc2 $1 $15) 34... Nb6 $17 35. Rb4 Nd5 36. Rc4 Kg7 37. Kf3 Ra8 38. a4 Ra5 39. Ra2 Ne7 40. Rc5 Ra7 41. Ke4 Rd7 42. Rc4 Nf5 43. Rb4 Bxd4 44. a5 Bc5 45. Rb8 Nd4 46. Rc8 {[#]} f5+ ({Black should play} 46... Ba7 $1 $17 47. a6 Kf6) 47. Kd3 $2 ({White should try} 47. Ke3 $15 Ba7 48. a6) 47... Ba7 $2 (47... Nb5+ $19 48. Kc4 Nd6+ {[%mdl 64] Double Attack} 49. Kxc5 Nxc8) 48. Kc4 (48. a6 $15) 48... Nf3 49. a6 Ne5+ 50. Kc3 {The position is equal.} Bd4+ 51. Kb3 Nf7 52. Rd2 {f4 is the strong threat.} e5 53. Rdc2 Ra7 54. R2c6 Bxf2 {White must now prevent ...f4.} 55. R8c7 Ra8 56. Rc8 Rxc8 57. Rxc8 Nd6 {[#]} 58. a7 $1 {[%mdl 576] Decoy} Bxa7 59. Rc7+ {[%mdl 64] Double Attack} Kh6 60. Rxa7 $11 {[%mdl 4096] Endgame KR-KN} Ne4 61. Kc4 Nxg3 {And now ...f4 would win.} 62. Kd5 e4 63. Ke5 f4 64. Kxf4 Nf5 65. Kxe4 Nxh4 66. Kf4 $1 Nf5 67. Ra6 {Accuracy: White = 44%, Black = 38%.} 1/2-1/2

[Event "16th Deltalift Open 2019"]
[Site "Halmstad"]
[Date "2019.05.31"]
[Round "5.22"]
[White "Blomstrom, Lars"]
[Black "Torngren, Gustav"]
[Result "1-0"]
[WhiteElo "2153"]
[BlackElo "2091"]
[Annotator "TA"]
[PlyCount "90"]
[EventDate "2019.05.30"]
[EventType "swiss"]
[EventCountry "SWE"]
[SourceTitle "playchess.com"]
[Source "ChessBase"]
[SourceQuality "1"]

{[%evp 19,90,-6,19,18,16,9,3,0,1,0,0,-20,-22,-36,-39,-51,-60,-83,-75,-122,-110,-128,-118,-141,-143,-130,-129,-171,-168,-200,-168,-170,-116,-214,-197,-190,-102,-101,-113,-93,70,70,349,360,418,418,418,418,418,418,710,702,1454,1442,1068,689,708,695,710,665,733,729,741,714,775,762,881,875,874,877,891,877,907]} 1. e4 e6 2. d4 d5 3. e5 c5 4. c3 Nc6 5. Nf3 Bd7 6. Be2 Nge7 7. Na3 cxd4 8. cxd4 Nf5 9. Nc2 Qb6 10. O-O Na5 11. b3 {C02: French: Advance Variation} Bb5 12. Bxb5+ (12. Bd2 Nc6 13. Rc1 Be7 14. Bc3 O-O-O 15. b4 Kb8 16. Bxb5 Qxb5 17. a4 Qb6 18. Qd2 a6 {½-½ (69) McShane,L (2652)-Hawkins,J (2590) London 2016}) 12... Qxb5 13. Ne3 {The position is equal.} Nxe3 14. fxe3 Be7 15. Qe1 $146 ({Predecessor:} 15. Bd2 O-O 16. Rc1 Rac8 17. Rf2 Nc6 18. a4 Qd3 {0-1 (62) Belanoff,S (2318)-Zebre,P (2329) LSS email 2008}) 15... O-O 16. e4 Nc6 17. exd5 Qxd5 18. Bb2 a5 19. Qg3 a4 20. Rad1 axb3 21. axb3 Qxb3 22. Bc1 {White wants to play Bh6!} Qc2 23. d5 exd5 24. Rxd5 Bc5+ 25. Kh1 Ra1 (25... Rfd8 $1 $19 {[%cal Rd8d5]} 26. Rd2 Qc4) 26. Qf4 (26. Rdd1 $17 Qg6 27. Qxg6 hxg6 28. Bg5 Rxd1 29. Rxd1) 26... Nb4 27. Nd4 Qc4 (27... Nxd5 $19 28. Nxc2 Nxf4 29. Nxa1 Nd3) 28. Rxc5 $17 {[%mdl 64] Decoy} Qxc5 29. Nb3 {[#]} Nd5 $2 ({Black should try} 29... Nd3 $1 $17 30. Qf5 Qc4 31. Nxa1 Nxc1) 30. Qf3 $14 {[#]} (30. Nxc5 $2 {is the wrong capture.} Nxf4 31. Nb3 Rfa8 $19) 30... Qe7 $2 {[%mdl 8192]} (30... Rxc1 $1 $14 31. Nxc5 (31. Nxc1 Ne3) 31... Rxc5) 31. Nxa1 $18 Qxe5 32. Ba3 Ne3 33. Re1 Re8 {[#]} 34. Nc2 $1 {[%mdl 576] Pin} Qb5 (34... Nxc2 $142 35. Rxe5 Rxe5) 35. Nxe3 {White is clearly winning.} Qa5 36. Rf1 f6 37. Qd5+ Qxd5 38. Nxd5 Kf7 39. Kg1 Ra8 40. Bb4 Rd8 41. Rd1 h5 42. Kf2 b5 43. Nc3 Rc8 44. Rd5 h4 45. Rxb5 h3 {Accuracy: White = 38%, Black = 44%.} 1-0